00391nam a2200145Ia 4500008004100000082001100041100002000052245006400072250000800136260002500144300001200169500002400181650001200205700002800217230524s9999 xx 000 0 und d a5bSEN aProbal Sengupta 0aObject-Oriented Programming (Fundamentals and Applications) a2ND aNEW DELHIbPHIc2001 aVII;258 aQuantity Number: 1 aComp-Sc a Bidyut Baran Chaudhuri